Spécialités du baccalauréat_Mort Subite - Statistiques

Statistiques générales
  • Ce quiz a été pris 82 fois
  • Le résultat moyen est 9 sur 13
Answers on the Grid
Answers color-coded by a green-red scale on the quiz's grid according to % correct below.
Biologie, Écologie
Création Numérique et Culture Internet
Criminologie et Enquête Scientifique
Design d'Intérieur et Conception d’Objets
Éducation Physique, Pratiques et Culture Sportives
Éthique et Philosophie des Technologies
Géopolitique de l’Espace et du Futur
Histoire des arts, Théâtre, Arts Plastiques, Arts du Spectacle
Histoire Géographique, Géopolitique et Sciences politiques
Humanités, Littérature et Philosophie
Intelligence Artificielle et Société
Langages et Communication Internationale
Langues, Littératures et Cultures Étrangères
Littérature, Langues et Cultures de l'Antiquité
Mathématiques
Numérique et Sciences Informatiques
Physique Chimie
Psychologie et Comportement Humain
Sciences de l'ingénieur
Sciences de la Biodiversité
Sciences de la Nutrition et de l’Alimentation
Sciences de la vie et de la Terre
Sciences des Population et des Flux Migratoires
Sciences du Climat et des Catastrophes Naturelles
Sciences du Sport et de la Performance
Sciences Économiques et Sociales
Urbanisme et Aménagement du Territoire
 
Statistiques - réponses
Réponse % Correct
Physique Chimie
87%
Mathématiques
84%
Sciences de la vie et de la Terre
82%
Langues, Littératures et Cultures Étrangères
79%
Histoire Géographique, Géopolitique et Sciences politiques
78%
Sciences Économiques et Sociales
78%
Humanités, Littérature et Philosophie
76%
Histoire des arts, Théâtre, Arts Plastiques, Arts du Spectacle
67%
Numérique et Sciences Informatiques
67%
Éducation Physique, Pratiques et Culture Sportives
60%
Littérature, Langues et Cultures de l'Antiquité
58%
Sciences de l'ingénieur
58%
Biologie, Écologie
37%
Aucun quiz correspondant
Distribution des résultats
% des personnes avec chaque résultat
Percentile par nombre de réponses
Votre historique - résultats
Vous n’avez pas pris ce quiz